• 首页
  • 本馆介绍
  • 公告通知
  • 最新文献
  • 馆藏检索
  • 电子资源
  • 读者导购
  • 参考咨询
  • 我的图书馆
  • 登录
  • 详细信息显示
  • 放入我的书架
  • 预约/预借图书
  • 作者相关作品
  • 分类相关作品
  • 丛书相关作品
  • 出版社相关作品

书目信息

  • 表格格式
  • 工作单格式
  • 卡片格式
题名:
中国风景名胜区制度探索与实践
    
 
作者: 安超, 编著
分册:  
出版信息: 北京   中国建筑工业出版社  2017
页数: 12, 211页
开本: 26cm
丛书名:
单 册:
中图分类: F592.1
科图分类:
主题词: 风景名胜区--制度建设--研究--中国
电子资源:
ISBN: 978-7-112-21544-7
000 01121nam0 2200253 450
001 2361738910
005 20231203170919.04
010    @a978-7-112-21544-7@dCNY48.00
100    @a20180119d2017 em y0chiy50 ea
101 0  @achi
102    @aCN@b110000
105    @aak a 000yy
200 1  @a中国风景名胜区制度探索与实践@Azhong guo feng jing ming sheng qu zhi du tan suo yu shi jian@d= Exploration and practice in the institution of Chinese national park@f安超编著@zeng
210    @a北京@c中国建筑工业出版社@d2017
215    @a12, 211页@c图@d26cm
314    @a安超 (1982-), 男, 北京人, 硕士。
320    @a有书目 (第207-209页)
330    @a本书是一本系统介绍中国风景名胜区保护管理制度和相关政策实施的专业书籍。内容包括中国风景名胜区的产生与发展, 风景名胜区的设立制度、规划制度、保护制度、管理制度、监管制度解读探索与实践, 以及中国各类保护地的关系。
510 1  @aExploration and practice in the institution of Chinese national park@zeng
606 0  @a风景名胜区@x制度建设@x研究@y中国
690    @aF592.1@v5
701  0 @a安超,@Aan chao@f1982-@4编著
801  0 @aCN@b湖北三新@c20180119
905    @aZUCC@dF592.1@e3
    
    中国风景名胜区制度探索与实践= Exploration and practice in the institution of Chinese national park/安超编著.-北京:中国建筑工业出版社,2017
    12, 211页:图;26cm
    
    
    ISBN 978-7-112-21544-7:CNY48.00
    本书是一本系统介绍中国风景名胜区保护管理制度和相关政策实施的专业书籍。内容包括中国风景名胜区的产生与发展, 风景名胜区的设立制度、规划制度、保护制度、管理制度、监管制度解读探索与实践, 以及中国各类保护地的关系。
●
相关链接 在五车中查询图书 在当当中查询图书 在豆瓣中查询图书


正题名:中国风景名胜区制度探索与实践     索取号:F592.1/3         预约/预借

序号 登录号 条形码 馆藏地/架位号 状态 备注
1 2001324057   2001324057   322书库/ [索取号:F592.1/3] 在馆    
2 2001324058   2001324058   322书库/ [索取号:F592.1/3] 在馆    
3 2001324059   2001324059   322书库/ [索取号:F592.1/3] 在馆    
4 2001324060   2001324060   322书库/ [索取号:F592.1/3] 在馆    
5 2001324061   2001324061   322书库/ [索取号:F592.1/3] 在馆    
6 2001324062   2001324062   322书库/ [索取号:F592.1/3] 在馆    
7 2001324063   2001324063   322书库/ [索取号:F592.1/3] 在馆    
8 2001324064   2001324064   322书库/ [索取号:F592.1/3] 在馆    
9 2001324065   2001324065   322书库/ [索取号:F592.1/3] 在馆    
10 2001324066   2001324066   322书库/ [索取号:F592.1/3] 在馆    
11 2001324067   2001324067   322书库/ [索取号:F592.1/3] 在馆    
12 2001324068   2001324068   322书库/ [索取号:F592.1/3] 在馆    
13 2001324069   2001324069   322书库/ [索取号:F592.1/3] 在馆    
14 2001324070   2001324070   315书库/ [索取号:F592.1/3] 在馆    
15 2001324071   2001324071   315书库/ [索取号:F592.1/3] 在馆    
16 2001324072   2001324072   315书库/ [索取号:F592.1/3] 在馆    
17 2001324073   2001324073   315书库/ [索取号:F592.1/3] 在馆    
18 2001324074   2001324074   322书库/ [索取号:F592.1/3] 在馆    
19 2001324075   2001324075   315书库/ [索取号:F592.1/3] 在馆    
20 2001324076   2001324076   322书库/ [索取号:F592.1/3] 在馆    
21 2001324077   2001324077   322书库/ [索取号:F592.1/3] 在馆    
22 2001324078   2001324078   322书库/ [索取号:F592.1/3] 在馆    
23 2001324079   2001324079   322书库/ [索取号:F592.1/3] 在馆    
24 2001324080   2001324080   322书库/ [索取号:F592.1/3] 在馆    
25 2001324081   2001324081   322书库/ [索取号:F592.1/3] 在馆    
26 2001324082   2001324082   322书库/ [索取号:F592.1/3] 在馆    
27 2001324083   2001324083   322书库/ [索取号:F592.1/3] 在馆    
28 2001324084   2001324084   322书库/ [索取号:F592.1/3] 在馆    
29 2001324085   2001324085   322书库/ [索取号:F592.1/3] 在馆    
30 2001324086   2001324086   315书库/ [索取号:F592.1/3] 在馆    
山东省滨州职业学院图书馆 欢迎您!
大连网信软件有限公司© 版权所有